00454 2200169 4500001002100000005001500021008004100036035001900077041000700096082001000103090001600113100001600129245004800145260003000193300001800223650004300241INLIS00000000001542720241224114930241224||||||||| | ||| |||| || |  0010-1224015427 aid0 a630.3 a630.3 RIS m0 aRismunandar00aMengenal Serangga Parasit Domba Dan Kambing aBandungbSinar Baruc1985 a86hlm;14x20cm 0aPertanian Dan Teknologi Yang Berkaitan